| 000 | 00897cab a22002055a 4500 | ||
|---|---|---|---|
| 001 | L149718 | ||
| 008 | 100414s20100403xxk 000 0 eng d | ||
| 035 | _a(Sirsi) u149718 | ||
| 041 | 0 | _aeng | |
| 100 | 1 | _aFloate, Lucy | |
| 245 | 0 | 2 | _aA prescriptive right to ease congestion |
| 260 | _c2010 | ||
| 490 |
_aEstates Gazette _v(1013) 3 April 2010, 77(1) |
||
| 520 | _a"Safestore and others v RSN Properties Ltd" 2009 upheld the prescriptive right to park principle on the grounds that the claimant had exercised the right without permission, secrecy or force, for at least 20 years. Assesses the impact of the decision for freehold owners of land on which people park and for those wishing to exercise their prescriptive right to park. | ||
| 590 | _aKA | ||
| 650 | 2 | 4 | _aSAFESTORE AND OTHERS V RSN PROPERTY LTD |
| 651 | 4 | _aENGLAND AND WALES | |
| 690 |
_aBoundary disputes _96221 |
||
| 942 | _n0 | ||
| 999 |
_c82262 _d82262 |
||